000 00231nam a2200085Ia 4500
008 170524s9999 xx 000 0 und d
100 _aBHOLE- M
100 _c2004
245 0 _aFINANCIAL INSTINFORMATION TECHNOLOGYUTION AND MARKETING
260 _aTATA MC GRAW HILL
999 _c2201
_d2201